Proceedings of the 1st International Discussion Meeting on Superionic Conductor Physics : (Record no. 11563)

MARC details
000 -LEADER
fixed length control field 01379nam a22003497i 4500
003 - CONTROL NUMBER IDENTIFIER
control field EG-ScBUE
005 - DATE AND TIME OF LATEST TRANSACTION
control field 20250622092224.0
008 - FIXED-LENGTH DATA ELEMENTS--GENERAL INFORMATION
fixed length control field 090520t2007 njua f b 101 0 eng d
020 ## - INTERNATIONAL STANDARD BOOK NUMBER
International Standard Book Number 9789812705655
020 ## - INTERNATIONAL STANDARD BOOK NUMBER
International Standard Book Number 97812705651
040 ## - CATALOGING SOURCE
Original cataloging agency EG-ScBUE
Language of cataloging eng
Description conventions rda
Transcribing agency EG-ScBUE
Modifying agency EG-ScBUE
082 04 - DEWEY DECIMAL CLASSIFICATION NUMBER
Edition number 22
Classification number 537.6
Item number INT
111 2# - MAIN ENTRY--MEETING NAME
9 (RLIN) 4894
Meeting name or jurisdiction name as entry element International Discussion Meeting on Superionic Conductor Physics
Number of part/section/meeting (1st :
Date of meeting 2003 :
Location of meeting Kyoto, Japan)
245 10 - TITLE STATEMENT
Title Proceedings of the 1st International Discussion Meeting on Superionic Conductor Physics :
Remainder of title Kyoto, Japan, 10-14 September 2003 /
Statement of responsibility, etc editors, Junichi Kawamura, Tohoku University, Japan, [and five others]
246 30 - VARYING FORM OF TITLE
Title proper/short title Superionic conductor physics
264 #1 - PUBLICATION, DISTRIBUTION, ETC. (IMPRINT)
Place of publication, distribution, etc New Jersey :
Name of publisher, distributor, etc World Scientific,
Date of publication, distribution, etc [2007]
264 #4 - PUBLICATION, DISTRIBUTION, ETC. (IMPRINT)
Date of publication, distribution, etc c2007
300 ## - PHYSICAL DESCRIPTION
Extent xvi, 206 pages :
Other physical details illustrations ;
Dimensions 27 cm
336 ## - CONTENT TYPE
Source rdacontent
Content type term text
Content type code txt
337 ## - MEDIA TYPE
Media type term unmediated
Source rdamedia
Media type code n
338 ## - CARRIER TYPE
Carrier type term volume
Carrier type code nc
Source rdacarrier
504 ## - BIBLIOGRAPHY, ETC. NOTE
Bibliography, etc Includes bibliographical references and index.
650 7# - SUBJECT ADDED ENTRY--TOPICAL TERM
9 (RLIN) 4898
Topical term or geographic name as entry element Superionic conductors
Form subdivision Congresses.
Source of heading or term BUEsh
655 ## - INDEX TERM--GENRE/FORM
Form subdivision Reading book
700 1# - ADDED ENTRY--PERSONAL NAME
Personal name Kawamura, Junichi,
Relator term editor.
700 1# - ADDED ENTRY--PERSONAL NAME
Personal name Yoshikado, Shinzo,
Relator term editor.
700 1# - ADDED ENTRY--PERSONAL NAME
Personal name Sakuma, Takashi,
Dates associated with a name 1951-,
Relator term editor.
700 1# - ADDED ENTRY--PERSONAL NAME
Personal name Michihiro, Yoshitaka,
Relator term editor.
700 1# - ADDED ENTRY--PERSONAL NAME
Personal name Aniya, Masaru,
Relator term editor.
700 1# - ADDED ENTRY--PERSONAL NAME
Personal name Ito, Yoshiaki,
Relator term editor.
942 ## - ADDED ENTRY ELEMENTS (KOHA)
Source of classification or shelving scheme Dewey Decimal Classification
Koha item type Book - Borrowing
Holdings
Withdrawn status Lost status Source of classification or shelving scheme Damaged status Not for loan Collection code Home library Current library Shelving location Date acquired Cost, normal purchase price Serial Enumeration / chronology Total Checkouts Full call number Barcode Date last seen Price effective from Koha item type
    Dewey Decimal Classification     Baccah Central Library Central Library First floor 20/05/2009 564.00 7117   537.6 INT 000016231 15/07/2025 20/05/2009 Book - Borrowing